MLB Top 10 Position Player WAR Leaders By Season Since 2000 - Statistics

General Stats
  • This quiz has been taken 109 times
    32 since last reset
  • The average score is 195 of 260
Answer Stats
Year Rank WAR Team Position Answer % Correct
2017 3. 8.1 NYY RF Aaron Judge
96%
2022 1. 10.8 NYY CF Aaron Judge
96%
2024 1. 10.8 NYY CF Aaron Judge
96%
2025 1. 9.7 NYY RF Aaron Judge
96%
2000 1. 10.4 SEA SS Alex Rodriguez
96%
2001 5. 8.3 TEX SS Alex Rodriguez
96%
2002 2. 8.8 TEX SS Alex Rodriguez
96%
2003 3. 8.4 TEX SS Alex Rodriguez
96%
2004 8. 7.6 NYY 3B Alex Rodriguez
96%
2005 1. 9.4 NYY 3B Alex Rodriguez
96%
2007 1. 9.4 NYY 3B Alex Rodriguez
96%
2008 10. 6.8 NYY 3B Alex Rodriguez
96%
2010 8. 7.0 CIN 1B Joey Votto
96%
2013 7. 6.6 CIN 1B Joey Votto
96%
2015 4. 7.7 CIN 1B Joey Votto
96%
2017 5. 7.9 CIN 1B Joey Votto
96%
2022 10. 6.2 SEA CF Julio Rodríguez
96%
2025 5. 6.8 SEA CF Julio Rodríguez
96%
2012 1. 10.5 LAA CF Mike Trout
96%
2013 1. 8.9 LAA CF Mike Trout
96%
2014 1. 7.7 LAA CF Mike Trout
96%
2015 2. 9.5 LAA CF Mike Trout
96%
2016 1. 10.4 LAA CF Mike Trout
96%
2017 7. 6.9 LAA CF Mike Trout
96%
2018 2. 9.9 LAA CF Mike Trout
96%
2019 4. 7.9 LAA CF Mike Trout
96%
2012 8. 6.9 PIT CF Andrew McCutchen
91%
2013 2. 7.8 PIT CF Andrew McCutchen
91%
2014 8. 6.4 PIT CF Andrew McCutchen
91%
2000 4. 8.2 ATL CF Andruw Jones
91%
2002 10. 6.5 ATL CF Andruw Jones
91%
2005 7. 6.7 ATL CF Andruw Jones
91%
2007 5. 7.6 ATL 3B Chipper Jones
91%
2008 5. 7.3 ATL 3B Chipper Jones
91%
2023 5. 7.2 TEX SS Corey Seager
91%
2025 9. 6.2 TEX SS Corey Seager
91%
2014 10. 6.3 SEA 3B Kyle Seager
91%
2016 10. 6.9 SEA 3B Kyle Seager
91%
2015 6. 7.3 BAL 3B Manny Machado
91%
2016 4. 7.4 BAL 3B Manny Machado
91%
2020 4. 3.0 SDP 3B Manny Machado
91%
2022 6. 6.8 SDP 3B Manny Machado
91%
2011 6. 7.6 DET 1B Miguel Cabrera
91%
2012 6. 7.1 DET 3B Miguel Cabrera
91%
2013 4. 7.5 DET 3B Miguel Cabrera
91%
2016 2. 9.8 BOS RF Mookie Betts
91%
2017 10. 6.5 BOS RF Mookie Betts
91%
2018 1. 10.7 BOS RF Mookie Betts
91%
2019 7. 7.2 BOS RF Mookie Betts
91%
2020 1. 3.7 LAD RF Mookie Betts
91%
2022 7. 6.7 LAD RF Mookie Betts
91%
2023 1. 8.6 LAD RF Mookie Betts
91%
2017 9. 6.6 COL 3B Nolan Arenado
91%
2019 9. 7.1 COL 3B Nolan Arenado
91%
2022 2. 7.9 STL 3B Nolan Arenado
91%
2013 10. 6.3 ARI 1B Paul Goldschmidt
91%
2015 3. 8.3 ARI 1B Paul Goldschmidt
91%
2022 3. 7.7 STL 1B Paul Goldschmidt
91%
2007 10. 6.7 NYY 2B Robinson Canó
91%
2010 3. 8.1 NYY 2B Robinson Canó
91%
2012 2. 8.4 NYY 2B Robinson Canó
91%
2013 8. 6.6 NYY 2B Robinson Canó
91%
2014 9. 6.3 SEA 2B Robinson Canó
91%
2016 5. 7.3 SEA 2B Robinson Canó
91%
2000 2. 8.9 COL 1B Todd Helton
91%
2001 8. 7.8 COL 1B Todd Helton
91%
2003 8. 6.3 COL 1B Todd Helton
91%
2004 7. 8.3 COL 1B Todd Helton
91%
2002 6. 7.1 MON RF Vladimir Guerrero
91%
2021 6. 6.5 TOR 1B Vladimir Guerrero Jr.
91%
2004 2. 9.6 LAD 3B Adrian Beltré
87%
2010 4. 7.8 BOS 3B Adrian Beltré
87%
2012 4. 7.2 TEX 3B Adrian Beltré
87%
2016 9. 6.9 TEX 3B Adrian Beltré
87%
2003 2. 8.7 STL 1B Albert Pujols
87%
2004 5. 8.5 STL 1B Albert Pujols
87%
2005 2. 8.4 STL 1B Albert Pujols
87%
2006 1. 8.5 STL 1B Albert Pujols
87%
2007 2. 8.7 STL 1B Albert Pujols
87%
2008 1. 9.2 STL 1B Albert Pujols
87%
2009 1. 9.7 STL 1B Albert Pujols
87%
2010 5. 7.5 STL 1B Albert Pujols
87%
2018 4. 7.6 HOU 3B Alex Bregman
87%
2019 1. 8.9 HOU 3B Alex Bregman
87%
2024 2. 9.4 KCR SS Bobby Witt Jr.
87%
2025 3. 7.1 KCR SS Bobby Witt Jr.
87%
2015 1. 9.7 WSN RF Bryce Harper
87%
2018 6. 7.3 MIL LF Christian Yelich
87%
2019 8. 7.1 MIL RF Christian Yelich
87%
2018 7. 7.3 CLE SS Francisco Lindor
87%
2023 7. 6.1 NYM SS Francisco Lindor
87%
2024 8. 6.9 NYM SS Francisco Lindor
87%
2020 2. 3.3 ATL 1B Freddie Freeman
87%
2023 6. 6.8 LAD 1B Freddie Freeman
87%
2014 5. 6.5 MIA RF Giancarlo Stanton
87%
2017 2. 8.1 MIA RF Giancarlo Stanton
87%
2009 6. 7.3 FLA SS Hanley Ramírez
87%
2001 9. 7.7 SEA RF Ichiro Suzuki
87%
2004 4. 9.2 SEA RF Ichiro Suzuki
87%
2016 3. 7.8 HOU 2B Jose Altuve
87%
2017 1. 8.1 HOU 2B Jose Altuve
87%
2017 6. 6.9 CLE 3B José Ramírez
87%
2018 3. 7.6 CLE 3B José Ramírez
87%
2021 4. 6.6 CLE 3B José Ramírez
87%
2024 9. 6.8 CLE 3B José Ramírez
87%
2023 8. 6.1 LAA DH Shohei Ohtani
87%
2024 3. 9.2 LAD DH Shohei Ohtani
87%
2025 6. 6.6 LAD DH/SP Shohei Ohtani
87%
2000 7. 7.7 SFG LF Barry Bonds
83%
2001 1. 11.9 SFG LF Barry Bonds
83%
2002 1. 11.7 SFG LF Barry Bonds
83%
2003 1. 9.2 SFG LF Barry Bonds
83%
2004 1. 10.6 SFG LF Barry Bonds
83%
2016 8. 7.0 HOU SS Carlos Correa
83%
2017 8. 6.7 HOU SS Carlos Correa
83%
2021 2. 7.3 HOU SS Carlos Correa
83%
2005 5. 7.3 PHI 2B Chase Utley
83%
2006 3. 7.3 PHI 2B Chase Utley
83%
2007 4. 7.8 PHI 2B Chase Utley
83%
2008 2. 9.0 PHI 2B Chase Utley
83%
2009 3. 8.2 PHI 2B Chase Utley
83%
2007 3. 8.3 NYM 3B David Wright
83%
2008 9. 6.9 NYM 3B David Wright
83%
2012 7. 7.1 NYM 3B David Wright
83%
2008 7. 7.0 BOS 2B Dustin Pedroia
83%
2011 4. 8.0 BOS 2B Dustin Pedroia
83%
2023 9. 6.1 BAL 3B Gunnar Henderson
83%
2024 4. 9.1 BAL SS Gunnar Henderson
83%
2000 10. 7.2 SFG 2B Jeff Kent
83%
2002 4. 7.1 SFG 2B Jeff Kent
83%
2009 4. 7.8 MIN C Joe Mauer
83%
2020 9. 2.7 CHW 1B José Abreu
83%
2013 5. 7.2 OAK 3B Josh Donaldson
83%
2014 3. 6.9 OAK 3B Josh Donaldson
83%
2015 5. 7.4 TOR 3B Josh Donaldson
83%
2016 6. 7.3 TOR 3B Josh Donaldson
83%
2010 1. 8.7 TEX CF Josh Hamilton
83%
2021 1. 7.3 WSN RF Juan Soto
83%
2024 6. 7.9 NYY RF Juan Soto
83%
2025 7. 6.2 NYM RF Juan Soto
83%
2019 3. 8.4 OAK 2B Marcus Semien
83%
2021 3. 7.1 TOR 2B Marcus Semien
83%
2023 3. 7.7 TEX 2B Marcus Semien
83%
2018 5. 7.4 OAK 3B Matt Chapman
83%
2019 5. 7.3 OAK 3B Matt Chapman
83%
2024 7. 7.1 SFG 3B Matt Chapman
83%
2023 4. 7.5 ATL 1B Matt Olson
83%
2025 10. 6.0 ATL 1B Matt Olson
83%
2023 2. 8.4 ATL RF Ronald Acuña Jr.
83%
2001 2. 10.3 CHC RF Sammy Sosa
83%
2012 3. 7.6 SFG C Buster Posey
78%
2013 6. 7.1 BAL 1B Chris Davis
78%
2009 8. 7.0 TBR 3B Evan Longoria
78%
2010 2. 8.2 TBR 3B Evan Longoria
78%
2011 9. 7.2 TBR 3B Evan Longoria
78%
2020 5. 2.8 SDP SS Fernando Tatis Jr.
78%
2021 5. 6.6 SDP SS Fernando Tatis Jr.
78%
2010 9. 7.0 TOR RF José Bautista
78%
2011 2. 8.3 TOR RF José Bautista
78%
2014 4. 6.9 TOR RF José Bautista
78%
2009 9. 6.9 SDP 1B Adrián González
74%
2025 2. 7.4 SEA C Cal Raleigh
74%
2006 2. 8.2 NYM CF Carlos Beltrán
74%
2008 6. 7.0 NYM CF Carlos Beltrán
74%
2000 6. 7.8 OAK 1B Jason Giambi
74%
2001 3. 9.2 OAK 1B Jason Giambi
74%
2002 5. 7.1 NYY 1B Jason Giambi
74%
2002 3. 7.4 CLE 1B Jim Thome
74%
2024 10. 6.8 ARI 2B Ketel Marte
74%
2016 7. 7.3 CHC 3B Kris Bryant
74%
2001 7. 7.8 COL RF Larry Walker
74%
2001 6. 7.9 ARI LF Luis Gonzalez
74%
2011 5. 7.7 MIL LF Ryan Braun
74%
2012 9. 6.9 MIL LF Ryan Braun
74%
2004 3. 9.2 STL 3B Scott Rolen
74%
2020 6. 2.8 WSN SS Trea Turner
74%
2021 7. 6.5 WAS/LAD SS Trea Turner
74%
2019 10. 6.9 COL SS Trevor Story
74%
2014 6. 6.5 WSN 3B Anthony Rendon
70%
2019 6. 7.3 WSN 3B Anthony Rendon
70%
2021 9. 6.3 ATL 3B Austin Riley
70%
2022 9. 6.4 ATL 3B Austin Riley
70%
2023 10. 6.0 ATL 3B Austin Riley
70%
2020 7. 2.8 ATL DH Marcell Ozuna
70%
2011 3. 8.0 LAD CF Matt Kemp
70%
2007 9. 6.8 COL SS Troy Tulowitzki
70%
2010 10. 6.7 COL SS Troy Tulowitzki
70%
2012 5. 7.2 STL C Yadier Molina
70%
2022 5. 6.8 HOU DH Yordan Alvarez
70%
2000 9. 7.3 TOR 1B Carlos Delgado
65%
2019 2. 8.7 LAD RF Cody Bellinger
65%
2011 1. 8.3 BOS CF Jacoby Ellsbury
65%
2018 8. 6.8 CHC 2B Javier Báez
65%
2003 6. 6.8 ATL C Javy López
65%
2018 10. 6.7 BOS DH JD Martinez
65%
2006 10. 5.9 NYM SS José Reyes
65%
2022 8. 6.5 PHI C JT Realmuto
65%
2005 6. 7.2 TEX 1B Mark Teixeira
65%
2008 3. 7.8 ATL/LAA 1B Mark Teixeira
65%
2000 8. 7.4 BOS SS Nomar Garciaparra
65%
2002 8. 6.8 BOS SS Nomar Garciaparra
65%
2003 9. 6.1 BOS SS Nomar Garciaparra
65%
2000 5. 7.8 ANA 3B Troy Glaus
65%
2009 2. 8.6 TBR 2B Ben Zobrist
61%
2011 7. 7.6 TBR 2B Ben Zobrist
61%
2007 8. 7.2 TBR 1B Carlos Peña
61%
2021 10. 6.2 BAL CF Cedric Mullins
61%
2020 3. 3.0 NYY 2B DJ LeMahieu
61%
2015 8. 6.9 KCR CF Lorenzo Cain
61%
2018 9. 6.8 MIL CF Lorenzo Cain
61%
2004 9. 7.4 BAL SS Miguel Tejada
61%
2011 8. 7.3 KCR LF Alex Gordon
57%
2020 8. 2.8 ATL SS Dansby Swanson
57%
2002 9. 6.7 STL CF Jim Edmonds
57%
2003 10. 6.0 STL CF Jim Edmonds
57%
2004 10. 7.2 STL CF Jim Edmonds
57%
2006 8. 6.0 HOU 1B Lance Berkman
57%
2008 8. 6.9 HOU 1B Lance Berkman
57%
2009 7. 7.3 WSN 3B Ryan Zimmerman
57%
2006 6. 6.1 WSN LF Alfonso Soriano
52%
2025 4. 7.0 ARI SS Geraldo Perdomo
52%
2011 10. 7.0 TEX 2B Ian Kinsler
52%
2024 5. 8.7 BOS CF Jarren Duran
52%
2007 7. 7.3 DET RF Magglio Ordóñez
52%
2017 4. 8.0 LAA SS Andrelton Simmons
48%
2001 4. 8.8 SEA 2B Bret Boone
48%
2010 7. 7.0 TBR LF Carl Crawford
48%
2013 3. 7.6 MIL CF Carlos Gómez
48%
2005 3. 7.7 CHC 1B Derrek Lee
48%
2005 8. 6.6 CLE CF Grady Sizemore
48%
2006 4. 6.7 CLE CF Grady Sizemore
48%
2025 8. 6.2 CHC 2B Nico Hoerner
48%
2002 7. 6.9 LAD RF Shawn Green
48%
2007 6. 7.6 DET CF Curtis Granderson
43%
2010 6. 7.4 NYY LF Brett Gardner
39%
2012 10. 6.4 SDP 3B Chase Headley
39%
2000 3. 8.3 ANA LF Darin Erstad
39%
2013 9. 6.6 STL 2B Matt Carpenter
39%
2001 10. 7.3 CLE 2B Roberto Alomar
39%
2022 4. 7.4 CLE 2B Andrés Giménez
35%
2015 7. 7.0 STL RF Jason Heyward
35%
2014 7. 6.4 MIL C Jonathan Lucroy
35%
2014 2. 7.0 CLE LF Michael Brantley
35%
2005 9. 6.5 ATL SS Rafael Furcal
35%
2006 9. 5.9 CLE DH Travis Hafner
35%
2006 5. 6.2 TOR CF Vernon Wells
35%
2005 4. 7.3 BAL 2B Brian Roberts
30%
2003 5. 6.8 ATL RF Gary Sheffield
30%
2015 9. 6.9 TBR CF Kevin Kiermaier
30%
2020 10. 2.7 SFG RF Mike Yastrzemski
30%
2008 4. 7.4 BAL RF Nick Markakis
30%
2004 6. 8.3 ATL RF JD Drew
26%
2006 7. 6.0 DET SS Carlos Guillén
17%
2009 5. 7.7 LAA 3B Chone Figgins
17%
2003 7. 6.4 TEX 3B Hank Blalock
17%
2003 4. 7.9 ATL 2B Marcus Giles
17%
2005 10. 6.3 HOU 3B Morgan Ensberg
17%
2021 8. 6.4 STL LF Tyler O'Neill
13%
2015 10. 6.8 ARI CF AJ Pollock
9%
2009 10. 6.6 SEA CF Franklin Gutiérrez
4%
No matching quizzes found
Score Distribution
Percent of People with Each Score
Percentile by Number Answered
Your Score History
You have not taken this quiz since the last reset